Introdaction of a greyding at a Russian enterprises; Энергия молодых - экономике России; Ч. 2

Dades bibliogràfiques
Parent link:Энергия молодых - экономике России=Energy of Youth for Russian Economy: сборник научных трудов XIV Международной научно-практической конференции студентов и молодых ученых, г. Томск, 9-11 апреля 2013 г./ Национальный исследовательский Томский политехнический университет (ТПУ) ; Вольное экономическое общество России ; Международный союз экономистов (МСЭ) ; ред. коллегия В. В. Еремин ; Ю. С. Нехорошев ; Г. А. Барышева ; И. Е. Никулина ; Т. Б. Варлачева ; И. В. Кащук ; Е. Ю. Маталасова.— , 2013
Ч. 2.— 2013.— [С. 425-426]
Autor principal: Khnykina S. P.
Sumari:Заглавие с титульного экрана
Idioma:anglès
Publicat: 2013
Col·lecció:Modern development strategies of companies in the innovation economy
Matèries:
Accés en línia:http://www.lib.tpu.ru/fulltext/c/2013/C23/V2/154.pdf
Format: MixedMaterials Electrònic Capítol de llibre
KOHA link:https://koha.lib.tpu.ru/cgi-bin/koha/opac-detail.pl?biblionumber=246061

MARC

LEADER 00000naa2a2200000 4500
001 246061
005 20260115144212.0
035 |a (RuTPU)RU\TPU\book\267501 
035 |a RU\TPU\book\267500 
090 |a 246061 
100 |a 20131122d2013 k y0rusy50 ba 
101 0 |a eng 
102 |a RU 
135 |a drnn ---uucaa 
200 1 |a Introdaction of a greyding at a Russian enterprises  |f S. P. Khnykina 
203 |a Text  |c electronic 
225 1 |a Modern development strategies of companies in the innovation economy 
300 |a Заглавие с титульного экрана 
320 |a [Библиогр.: с. 426 (3 назв.)] 
337 |a Adobe Reader 
461 1 |0 (RuTPU)RU\TPU\book\262955  |t Энергия молодых - экономике России  |l Energy of Youth for Russian Economy  |o сборник научных трудов XIV Международной научно-практической конференции студентов и молодых ученых, г. Томск, 9-11 апреля 2013 г.  |o в 2 ч.  |f Национальный исследовательский Томский политехнический университет (ТПУ) ; Вольное экономическое общество России ; Международный союз экономистов (МСЭ) ; ред. коллегия В. В. Еремин ; Ю. С. Нехорошев ; Г. А. Барышева ; И. Е. Никулина ; Т. Б. Варлачева ; И. В. Кащук ; Е. Ю. Маталасова  |d 2013 
463 1 |0 (RuTPU)RU\TPU\book\262959  |t Ч. 2  |v [С. 425-426]  |d 2013 
610 1 |a труды учёных ТПУ 
610 1 |a электронный ресурс 
700 1 |a Khnykina  |b S. P. 
801 2 |a RU  |b 63413507  |c 20230327  |g RCR 
856 4 |u http://www.lib.tpu.ru/fulltext/c/2013/C23/V2/154.pdf 
942 |c CF